| 000 | 00397nam a22001697a 4500 | ||
|---|---|---|---|
| 999 |
_c3161 _d3160 |
||
| 005 | 20211113162737.0 | ||
| 008 | 160618b xxu||||| |||| 00| 0 eng d | ||
| 020 | _a978-81-7446-690-7 | ||
| 041 | _aeng | ||
| 082 |
_b8217 _a658.32 |
||
| 100 |
_aDEB, TAPOMOY _94781 |
||
| 245 | _aCompensation Management | ||
| 260 |
_bExcel book _c2009 |
||
| 300 | _a403 | ||
| 650 |
_aManagement _9241 |
||
| 942 | _cBK | ||